000
00246 a2200097 4500
001
125197
040
_c
Escola Canadense de Niteroi
100
_a
Martin, Justin McCory
245
1
0
_a
Punctuation Tales - The Amazing Abbreviation Machine
942
_c
BK
999
_c
125197
_d
125197